UCL teams 25/26 - Statistics

General Stats
  • This quiz has been taken 162 times
    36 since last reset
  • The average score is 26 of 36
Answer Stats
Teams % Correct
Atlético Madrid
96%
Real Madrid
96%
Arsenal
93%
Barcelona
93%
Chelsea
93%
Inter Milan
93%
Manchester City
93%
Paris-Saint-Germain
93%
Tottenham Hotspur
89%
Juventus
85%
Liverpool FC
85%
Bayern Munich
81%
Benfica
81%
Borussia Dortmund
81%
Napoli
81%
Sporting CP
78%
Villarreal
78%
Kairat
74%
Marseille
74%
Bayer Leverkusen
70%
Club Brugge
70%
Newcastle United
70%
Ajax
67%
Athletic Bilbao
67%
Atalanta
63%
Monaco
63%
PSV Eindhoven
63%
Eintracht Frankfurt
59%
Galatasaray
59%
Pafos
56%
Qarabağ
52%
Bodø/Glimt
48%
Olympiacos
48%
Slavia Prague
48%
Union Saint-Gilloise
44%
Copenhagen
37%
No matching quizzes found
Score Distribution
Percent of People with Each Score
Percentile by Number Answered
Your Score History
You have not taken this quiz since the last reset